Kết quả nghiên cứu khoa học về rau quả 1990-1994 - Viện Nghiên cứu rau quả
সংরক্ষণ করুন:
| বিন্যাস: | গ্রন্থ |
|---|---|
| ভাষা: | Undetermined |
| প্রকাশিত: |
Hà Nội
Nông nghiệp
1995
|
| বিষয়গুলি: | |
| ট্যাগগুলো: |
ট্যাগ যুক্ত করুন
কোনো ট্যাগ নেই, প্রথমজন হিসাবে ট্যাগ করুন!
|
| Thư viện lưu trữ: | Trung tâm Học liệu Trường Đại học Cần Thơ |
|---|
| LEADER | 00503nam a2200157Ia 4500 | ||
|---|---|---|---|
| 001 | CTU_28232 | ||
| 008 | 210402s9999 xx 000 0 und d | ||
| 082 | |a 635 | ||
| 082 | |b K207 | ||
| 245 | 0 | |a Kết quả nghiên cứu khoa học về rau quả 1990-1994 - Viện Nghiên cứu rau quả | |
| 260 | |a Hà Nội | ||
| 260 | |b Nông nghiệp | ||
| 260 | |c 1995 | ||
| 650 | |a fruits trees,vegetables | ||
| 904 | |i Liên, 981021 | ||
| 980 | |a Trung tâm Học liệu Trường Đại học Cần Thơ | ||